000 00221nam a22000857a 4500
008 161202b xxu||||| |||| 00| 0 eng d
100 _91780
_aGusain. V
245 _aCOMPUTER WPRLD 1
260 _aNew delhi
_bArya publication
_c2006
999 _c4488
_d4488